The noble scholar, jurist, historian


 His Excellency Dr. Abdul Wahhab bin Ibrahim Abu Sulaiman, may Allah have mercy on him.


 He was born in Umm Al-Qura in the year 1356 AH.

نفثة مصدور بين يدي صدر الصدور ؛ (Record no. 11012)

MARC details
000 -LEADER
fixed length control field 01517cam a22003011i 4500
003 - CONTROL NUMBER IDENTIFIER
control field SA-RiAUC
005 - DATE AND TIME OF LATEST TRANSACTION
control field 20250822123632.0
008 - FIXED-LENGTH DATA ELEMENTS--GENERAL INFORMATION
fixed length control field 250731s2012_ iq g 000 i ara c
040 ## - CATALOGING SOURCE
Original cataloging agency SA-JeALM
Language of cataloging ara
Transcribing agency SA-RiAUC
Description conventions rda
082 04 - DEWEY DECIMAL CLASSIFICATION NUMBER
Classification number 816.9531
Assigning agency SA-RiAUC
090 ## - LOCALLY ASSIGNED LC-TYPE CALL NUMBER (OCLC); LOCAL CALL NUMBER (RLIN)
Classification number (OCLC) (R) ; Classification number, CALL (RLIN) (NR) 816.9531
Local cutter number (OCLC) ; Book number/undivided call number, CALL (RLIN) ب ز ر
100 1# - MAIN ENTRY--PERSONAL NAME
Personal name البرزنجي، الحسن
Relator term مؤلف.
245 10 - TITLE STATEMENT
Title نفثة مصدور بين يدي صدر الصدور ؛
Remainder of title وتليها مقامات، أو، حوادث البرزنجي /
Statement of responsibility, etc. تأليف الشيخ حسن البرزنجي ؛ قدم لها وعني بنشرها محمد علي القرداغي.
246 30 - VARYING FORM OF TITLE
Title proper/short title مقامات، أو، حوادث البرزنجي
250 ## - EDITION STATEMENT
Edition statement الطبعة الأولى.
264 #1 - PRODUCTION, PUBLICATION, DISTRIBUTION, MANUFACTURE, AND COPYRIGHT NOTICE
Place of production, publication, distribution, manufacture السليمانية، العراق :
Name of producer, publisher, distributor, manufacturer المديرية العامة للمطبوعات،
Date of production, publication, distribution, manufacture, or copyright notice 2012
300 ## - PHYSICAL DESCRIPTION
Extent 132 صفحة ؛
Dimensions 20 سم
336 ## - CONTENT TYPE
Content type term نص
Content type code txt
Source rdacontent
Materials specified كتاب
337 ## - MEDIA TYPE
Media type term بدون وسيط
Media type code n
Source rdamedia
338 ## - CARRIER TYPE
Carrier type term مجلد
Carrier type code nc
Source rdacarrier
650 #7 - SUBJECT ADDED ENTRY--TOPICAL TERM
Topical term or geographic name entry element الرسائل العربية
Geographic subdivision السعودية
Chronological subdivision قرن 12 هجري
Source of heading or term aucsh
650 #7 - SUBJECT ADDED ENTRY--TOPICAL TERM
Topical term or geographic name entry element الشعر العربي
Geographic subdivision السعودية
Chronological subdivision قرن 12 هجري
Source of heading or term aucsh
650 #7 - SUBJECT ADDED ENTRY--TOPICAL TERM
Topical term or geographic name entry element المقامات العربية
Geographic subdivision السعودية
Chronological subdivision قرن 12 هجري
Source of heading or term aucsh
700 1# - ADDED ENTRY--PERSONAL NAME
Personal name القرداغي، محمد علي
Relator term مقدم.
700 12 - ADDED ENTRY--PERSONAL NAME
Relationship information مع (عمل) :
Personal name البرزنجي، الحسن.
Title of a work مقامات، أو، حوادث البرزنجي.
942 ## - ADDED ENTRY ELEMENTS (KOHA)
Source of classification or shelving scheme Dewey Decimal Classification
Koha item type Books
Suppress in OPAC No
949 ## - LOCAL PROCESSING INFORMATION (OCLC)
a SA-JeALM
d 250731
u mohamedma123
n 1
Holdings
Withdrawn status Lost status Source of classification or shelving scheme Damaged status Not for loan Home library Current library Date acquired Total checkouts Full call number Barcode Date last seen Price effective from Koha item type
    Dewey Decimal Classification     DR AbdElwahab Library DR AbdElwahab Library 08/22/2025   816.9531 ب ز ر 000017867 08/22/2025 08/22/2025 Books
    Dewey Decimal Classification     DR AbdElwahab Library DR AbdElwahab Library 08/29/2025   816.9531 ب ز ر 000018282 08/29/2025 08/29/2025 Books